STERILE DOSAGE FORMS (Record no. 8091)

MARC details
000 -LEADER
fixed length control field 00412nam a22001697a 4500
005 - DATE AND TIME OF LATEST TRANSACTION
control field 20230110143620.0
008 - FIXED-LENGTH DATA ELEMENTS--GENERAL INFORMATION
fixed length control field 221217b |||||||| |||| 00| 0 eng d
020 ## - INTERNATIONAL STANDARD BOOK NUMBER
ISBN 9781-473-560-4
041 ## - LANGUAGE CODE
Language code of text/sound track or separate title eng
082 ## - DEWEY DECIMAL CLASSIFICATION NUMBER
Classification number 615.42 TUR-S
100 ## - MAIN ENTRY--AUTHOR NAME
Personal name TURCO , SALVATORE J.
245 ## - TITLE STATEMENT
Title STERILE DOSAGE FORMS
260 ## - PUBLICATION, DISTRIBUTION, ETC. (IMPRINT)
Name of publisher WOLTERS KLUWER
300 ## - PHYSICAL DESCRIPTION
Number of Pages 521;P.
650 ## - SUBJECT ADDED ENTRY--TOPICAL TERM
Topical Term PHARMACY
General subdivision B.PHARMA
942 ## - ADDED ENTRY ELEMENTS (KOHA)
Koha item type Books
Holdings
Lost status Damaged status Collection code Home library Current library Shelving location Date acquired Source of acquisition Cost, normal purchase price Full call number Accession Number Koha item type
    PHARMACY JRU Library JRU Library SHELF-19-F 20/10/2022 LOHIA BOOK INTERNATIONAL 2250.00 615.42-TUR-S 27024 Books
    PHARMACY JRU Library JRU Library SHELF-19-F 20/10/2022 LOHIA BOOK INTERNATIONAL 2250.00 615.42-TUR-S 27025 Books